Name The Chess Opening - Statistics

General Stats
  • This quiz has been taken 987 times
  • The average score is 6 of 15
Answer Stats
Hint Answer % Correct
1. e4 e6 French Defence
96%
1. e4 d5 Scandinavian Defence
75%
1. d4 d5 2. c4 dxc4 Queens Gambit Accepted
61%
1. f4 Bird Opening
44%
1. e4 e5 2. d4 exd4 3. c3 Danish Gambit
43%
1. d4 f5 Dutch Defence
38%
1. e4 e5 2. Nf3 Nc6 3. Bc4 Nf6 Two Knights Defence
30%
1. e4 e5 2. Nf3 Nc6 3. Bc4 Nf6 4. Ng5 Bc5 Traxler Counter Attack
29%
1. d4 Nf6 2. c4 e6 3. Nc3 Bb4 Nimzo-Indian Defence
26%
1. f4 e5 From Gambit
24%
1. d4 d5 2. e4 dxe4 3. Nc3 Blackmar-Diemer Gambit
23%
1. b4 Sokolsky Opening
20%
1. d4 Nf6 2. c4 e5 Budapest Gambit
18%
1. e3 Van't Kruijs Opening
17%
1. e4 e5 2. Bc4 Nf6 3. Nc3 Nxe4 4. Qh5 Nd6 5. Bb3 Nc6 6. Nb5 g6 7. Qf3 f5 8. Qd5 Qe7 9. Nxc7+ Kd8 10. Nxa8 Frankenstein-Dracula Variation
6%
No matching quizzes found
Score Distribution
Percent of People with Each Score
Percentile by Number Answered
Your Score History
You have not taken this quiz